000 00456nam a22001457a 4500
008 141202b xxu||||| |||| 00| 0 eng d
050 _aJK2356.R44 1964
100 _aKelly, Frank K.
_913042
245 _aTo Make Men Free
_cFrank K. Kelly
260 _aNew York
_bPyramid Books
_c1964
300 _a125p. ;
_c18cm.
500 _aPublished originally as Your Freedoms
650 _aConstitution
_zUnited States
_913043
_xAmendements
942 _2lcc
_cMONOGRAPH
999 _c121382
_d121382